00377cam a2200157ua 45000010005000000080039000050400009000440410012000530820012000651000027000772450024001042500009001282600031001373000016001686530035001841383131122n II |||gr||||Z||||||eng aMAIN aEnglish a810 CRA aCRAWFORD, BARTHOLOW V. aAMERICAN LITERATURE a3RD. aNEW YORK:bBARNES & NOBLE. a331:c20CM. aAmerican literature in English